Rediseño de los procesos de almacenamiento y abastecimiento del centro de distribución en seco de Auto Mercado
Gardado en:
| Autor Principal: | |
|---|---|
| Outros autores: | , |
| Formato: | Libro |
| Idioma: | Spanish |
| Publicado: |
[San José, Costa Rica]
2016
|
| Materias: | |
| Etiquetas: |
Engadir etiqueta
Sen Etiquetas, Sexa o primeiro en etiquetar este rexistro!
|
MARC
| LEADER | 00000nam a22000007a 4500 | ||
|---|---|---|---|
| 003 | 012502 | ||
| 005 | 20221231144121.0 | ||
| 008 | 161103b2016 cr a|||| m||| 00| ||spa d | ||
| 040 | |c cru CEDI | ||
| 090 | |a TFG 7658 | ||
| 100 | |9 5523 |a Cano Arias, Kevin | ||
| 245 | |a Rediseño de los procesos de almacenamiento y abastecimiento del centro de distribución en seco de Auto Mercado | ||
| 260 | |a [San José, Costa Rica] |c 2016 | ||
| 300 | |a xiv, 144[39]hojas ; ilustraciones a color | ||
| 500 | |a Proyecto de graduación (licenciatura en ingeniería industrial)--Universidad de Costa Rica. Facultad de Ingeniería. Escuela de Ingeniería Industrial | ||
| 650 | |x CORPORACION DE SERVICIOS AUTO MERCADO (COSTA RICA) |x LOGISTICA EN LOS NEGOCIOS |x CANALES DE DISTRIBUCION - ADMINISTRACION |x DISTRIBUCION FISICA DE MERCANCIAS - ADMINISTRACION |x CONTROL DE PROCESOS |9 1820 | ||
| 700 | |9 5525 |a Golubay Badilla, Oscar | ||
| 700 | |9 5526 |a Redondo Lizano, Elmer | ||
| 942 | |c TFG | ||
| 999 | |c 17128 |d 17128 | ||
